<?xml version="1.0" encoding="UTF-8"?><?xml-stylesheet type="text/xsl" href="static/style.xsl"?><OAI-PMH xmlns="http://www.openarchives.org/OAI/2.0/" xmlns:xsi="http://www.w3.org/2001/XMLSchema-instance" xsi:schemaLocation="http://www.openarchives.org/OAI/2.0/ http://www.openarchives.org/OAI/2.0/OAI-PMH.xsd"><responseDate>2026-04-18T00:26:44Z</responseDate><request verb="GetRecord" identifier="oai:www.recercat.cat:2445/156382" metadataPrefix="marc">https://recercat.cat/oai/request</request><GetRecord><record><header><identifier>oai:recercat.cat:2445/156382</identifier><datestamp>2025-12-05T10:02:37Z</datestamp><setSpec>com_2072_1057</setSpec><setSpec>col_2072_478819</setSpec><setSpec>col_2072_478917</setSpec></header><metadata><record xmlns="http://www.loc.gov/MARC21/slim" xmlns:dcterms="http://purl.org/dc/terms/" xmlns:xsi="http://www.w3.org/2001/XMLSchema-instance" xmlns:doc="http://www.lyncode.com/xoai" xsi:schemaLocation="http://www.loc.gov/MARC21/slim http://www.loc.gov/standards/marcxml/schema/MARC21slim.xsd">
   <leader>00925njm 22002777a 4500</leader>
   <datafield ind2=" " ind1=" " tag="042">
      <subfield code="a">dc</subfield>
   </datafield>
   <datafield ind2=" " ind1=" " tag="720">
      <subfield code="a">Velázquez Velázquez, Raquel</subfield>
      <subfield code="e">author</subfield>
   </datafield>
   <datafield ind2=" " ind1=" " tag="260">
      <subfield code="c">2020-04-21T11:47:37Z</subfield>
   </datafield>
   <datafield ind2=" " ind1=" " tag="260">
      <subfield code="c">2020-04-21T11:47:37Z</subfield>
   </datafield>
   <datafield ind2=" " ind1=" " tag="260">
      <subfield code="c">2018-05-21</subfield>
   </datafield>
   <datafield ind2=" " ind1=" " tag="260">
      <subfield code="c">2020-04-21T11:47:38Z</subfield>
   </datafield>
   <datafield ind2=" " ind1=" " tag="520">
      <subfield code="a">Si bien contamos con análisis detenidos y pormenorizados de la novela de Pabellón de reposo, que atienden a la estructura, la temporalidad, o la configuración de los personajes, la crítica ha soslayado el valor de la novela de Camilo José Cela en tanto que narrativa patográfica. Este trabajo se ocupa de Pabellón de reposo en su calidad de representación de la enfermedad de la tuberculosis, la vida de los enfermos, y el papel que cumplen sus discursos patográficos. En primer lugar, se estudia cómo a pesar de que en la primera mitad del siglo XX ya ha desaparecido prácticamente la imagen glamourosa de la tuberculosis, Cela opta por una representación tamizada de la enfermedad, donde la herencia romántica cala en sus personajes enfermos, y la novela se tiñe de un romanticismo que la literatura sanatorial había ya dejado atrás. En segundo lugar, se ponen en relación algunas de las opiniones médicas de la época con las reflexiones que el autor incluye en Pabellón de reposo acerca del papel que puede cumplir la escritura o lectura de narrativas patográficas en la mejoría o empeoramiento del enfermo. Se examina así la existencia en la primera mitad del siglo XX de esta conexión entre Medicina y Humanidades que constituye hoy el centro de interés de la disciplina de las Medical Humanities.</subfield>
   </datafield>
   <datafield tag="653" ind2=" " ind1=" ">
      <subfield code="a">Escriptors espanyols</subfield>
   </datafield>
   <datafield tag="653" ind2=" " ind1=" ">
      <subfield code="a">Tuberculosi</subfield>
   </datafield>
   <datafield tag="653" ind2=" " ind1=" ">
      <subfield code="a">Anàlisi del discurs narratiu</subfield>
   </datafield>
   <datafield tag="653" ind2=" " ind1=" ">
      <subfield code="a">Sanatoris</subfield>
   </datafield>
   <datafield tag="653" ind2=" " ind1=" ">
      <subfield code="a">Spanish authors</subfield>
   </datafield>
   <datafield tag="653" ind2=" " ind1=" ">
      <subfield code="a">Tuberculosis</subfield>
   </datafield>
   <datafield tag="653" ind2=" " ind1=" ">
      <subfield code="a">Narrative discourse analysis</subfield>
   </datafield>
   <datafield tag="653" ind2=" " ind1=" ">
      <subfield code="a">Sanatoriums</subfield>
   </datafield>
   <datafield ind2="0" ind1="0" tag="245">
      <subfield code="a">Pabellón de reposo, de Camilo José Cela, a la luz de las reflexiones sobre el papel de las narrarivas patográficas en la curación del enfermo de tuberculosis</subfield>
   </datafield>
</record></metadata></record></GetRecord></OAI-PMH>